000 00232nam a2200097Ia 4500
008 240331s9999 xx 000 0 und d
082 _bSAH
100 _aSahabdeen, M.A.M.
245 4 _aThe Sufi doctrine in Tamil literature
942 _cL
999 _c3384
_d3384